000 00713nam a2200205 4500
999 _c18671
_d18671
008 240110b ||||| |||| 00| 0 eng d
020 _a9780071263580
082 _22009
_aDC 620.0042
_bH84
100 _aHoward, William E.
_94973
245 _aIntroduction to solid modeling using solidworks 2008 /
_cWilliam E. Howard and Joseph C. Musto.
250 _aInternational edition.
260 _aBoston :
_bMcGraw Hill,
_c©2009.
300 _axv, 351 pages :
_billustrations ;
_c25 cm.
500 _aIncludes index.
650 _aComputer graphics.
_950670
650 _aEngineering models.
_950671
650 _aComputer-aided design.
_926959
700 _aMusto, Joseph C.
_eauthor.
_950672
942 _2ddc
_cDC